000 00217nam a22000857a 4500
999 _c11552
_d11552
008 190618b ||||| |||| 00| 0 eng d
100 _aBernesstian J.S
_97261
245 _aBernestains
260 _aU S A
_b Randow House
_c1997